[Event "Oslo-ch"]
[Site "Oslo"]
[Date "2004.04.27"]
[Round "8"]
[White "Eide, Joachim"]
[Black "Olsen, Andrei"]
[Result "1/2-1/2"]
[WhiteElo "1165"]
[BlackElo "1353"]
[PlyCount "95"]
[EventDate "2004.02.10"]
[EventType "swiss"]
[EventRounds "9"]
[EventCountry "NOR"]
[SourceTitle "EXT 2007"]
[Source "ChessBase"]
[SourceDate "2006.11.23"]
[SourceVersion "1"]
[SourceVersionDate "2006.11.23"]
[SourceQuality "1"]

1. c4 Nf6 2. d4 e6 3. Nf3 d5 4. Bg5 c6 5. Nc3 dxc4 6. a4 Nbd7 7. e3 Qa5 8. Qc2 b5 9. Bxf6 Nxf6 10. Nd2 Bb4 11. Be2 Nd5 12. Nxd5 Bxd2+ 13. Qxd2 Qxd2+ 14. Kxd2 exd5 15. axb5 cxb5 16. Ra5 a6 17. Rha1 Rb8 18. Kc3 0-0 19. Kb4 Bb7 20. Bf3 Rfc8 21. Re1 f5 22. g4 g6 23. gxf5 gxf5 24. Rg1+ Kf7 25. Rg5 Kf6 26. h4 Rc7 27. Rh5 Rg8 28. Ra1 Rg6 29. Ka5 Ke6 30. Kb6 Rd7 31. Kc5 Bc8 32. Kb6 Kd6 33. Ka5 Rc7 34. Kb4 Kc6 35. Ra3 Ra7 36. Ra5 Rf7 37. Kc3 h6 38. Kb4 Rff6 39. Ra1 Rg7 40. Ka5 Rfg6 41. Kb4 Ra7 42. Ka5 Be6 43. Rc1 Rf6 44. Rg1 b4 45. Kxb4 Rb7+ 46. Kc3 Rb3+ 47. Kc2 Kb5 48. Rg7 1/2-1/2

[Event "Sandefjord MGP"]
[Site "Sandefjord"]
[Date "2003.10.17"]
[Round "4"]
[White "Lie, Terje"]
[Black "Eide, Joachim"]
[Result "0-1"]
[WhiteElo "934"]
[BlackElo "1134"]
[PlyCount "73"]
[EventDate "2003.10.??"]
[EventType "swiss"]
[EventRounds "4"]
[EventCountry "NOR"]
[SourceTitle "EXT 2005"]
[Source "ChessBase"]
[SourceDate "2004.11.15"]
[SourceVersion "1"]
[SourceVersionDate "2004.11.15"]
[SourceQuality "1"]

1. d4 Nf6 2. c4 e6 3. Nc3 Bb4 4. e3 b6 5. Qc2 Bb7 6. Bd3 Bxg2 7. Be4 Bxe4 8. Qe2 Bxh1 9. f3 d5 10. Bd2 Bxc3 11. Bxc3 dxc4 12. 0-0-0 Nbd7 13. Nh3 Bxf3 14. Qxf3 Nd5 15. Bd2 Qf6 16. Nf4 0-0 17. Rg1 Nxf4 18. exf4 Rfd8 19. Bc3 g6 20. d5 e5 21. f5 Nc5 22. h4 Nd3+ 23. Kc2 Kf8 24. Rf1 Qxf5 25. Qxf5 gxf5 26. Rxf5 Rxd5 27. Bd2 Re8 28. Bh6+ Ke7 29. Bg5+ Kd7 30. Rxf7+ Kc8 31. Rxh7 e4 32. Kc3 b5 33. b3 e3 34. bxc4 Rxg5 35. hxg5 e2 36. cxb5 e1Q+ 37. Kxd3 0-1

[Event "ASKOs Hostturnering"]
[Site "Blindern"]
[Date "2002.??.??"]
[Round "?"]
[White "Eide, Joachim"]
[Black "Fredriksen, Jan Gunnar"]
[Result "1/2-1/2"]
[WhiteElo "1067"]
[BlackElo "1778"]
[PlyCount "51"]
[EventDate "2002.??.??"]
[EventType "swiss"]
[EventRounds "7"]
[EventCountry "NOR"]
[SourceTitle "EXT 2006"]
[Source "ChessBase"]
[SourceDate "2005.11.24"]
[SourceVersion "1"]
[SourceVersionDate "2005.11.24"]
[SourceQuality "1"]

1. d4 f5 2. c4 Nf6 3. g3 e6 4. Bg2 d5 5. Nf3 Be7 6. 0-0 0-0 7. c5 Nc6 8. Bf4 Bd7 9. Ne5 Be8 10. Nxc6 bxc6 11. Nd2 Bh5 12. Nf3 Bxf3 13. Bxf3 Qd7 14. Bg5 h6 15. Bxf6 Rxf6 16. e3 Raf8 17. Bg2 Bd8 18. Qa4 g5 19. f4 Rg6 20. Bf3 Kh7 21. Bh5 Rg7 22. Qxa7 Rfg8 23. Rf3 gxf4 24. exf4 Rg5 25. fxg5 Rxg5 26. Re1 1/2-1/2